Decadencia regional y declinación urbana en el interior argentino (Registro nro. 27145)

Detalles MARC
000 -LEADER
fixed length control field 00377 a2200109 4500
001 - CONTROL NUMBER
control field ART_14018
005 - DATE AND TIME OF LATEST TRANSACTION
control field 20260410161915.0
008 - FIXED-LENGTH DATA ELEMENTS--GENERAL INFORMATION
fixed length control field 260409a
100 1# - MAIN ENTRY--PERSONAL NAME
Personal name Romero, Luis Alberto
245 10 - TITLE STATEMENT
Title Decadencia regional y declinación urbana en el interior argentino
773 0# - HOST ITEM ENTRY
Title Revista Paraguaya de Sociología
Related parts - Año 15, Nº 42/43 (mayo/dic. 1978)
Record control number REV13424

No hay ítems disponibles.